000 00320nam a2200133Ia 4500
008 100328s9999 xx 000 0 und d
082 _b28300
100 _aकाळे कल्याण
245 _aतडा
260 _bराजेंद्र
630 _aतडा
730 _aतडा
942 _cBOOK
999 _c519792
_d519789